| 000 | 02258cam a2200373 a 4500 | ||
|---|---|---|---|
| 999 |
_c15198 _d15198 |
||
| 001 | 1109825 | ||
| 003 | OSt | ||
| 005 | 20211006145250.0 | ||
| 008 | 940214s1994 mau b 001 0 eng c | ||
| 010 | _a 93078055 | ||
| 020 | _a0316176672 | ||
| 020 | _a0316176680 (v. 2) | ||
| 020 | _a0316176699 (v. 3) | ||
| 040 |
_aMoSU-L _cMoSU-L _dDLC |
||
| 042 | _alcnccp | ||
| 043 | _an-us--- | ||
| 050 | 0 | 0 |
_aKF5402 _b.D32 1994 |
| 082 | 0 | 0 |
_a342 DAV-I _2 DAV-1 |
| 100 | 1 | _aDavis, Kenneth Culp. | |
| 245 | 1 | 0 |
_aAdministrative Law Treatise / _cKenneth Culp Davis, Richard J. Pierce, Jr. |
| 250 | _a3rd ed. | ||
| 260 |
_aBoston : _bLittle, Brown, _cc1994. |
||
| 300 |
_a3 v. ; _c26 cm. |
||
| 500 | _aSupplements published: Gaithersburg, [Md.] : Aspen Law & Business (1998- ). | ||
| 504 | _aIncludes bibliographical references (v. 3, p. 489-498) and index. | ||
| 505 | _aCONTENTS; PREFACE; VOLUME I: 1. The administrative process -- 2.Philosophical and constitutional foundations -- 3.Statutory construction and administrative law -- 4.Investigation -- 5.The Freedom of Information Act and other open government acts -- 6.Rules -- 7.Rulemaking procedure -- 8.Statutory requirements for adjudication -- VOLUME II: 9. Due process -- 10.Evidence -- 11.Judicial review of adjudications -- 12.Agency delay -- 13.Estoppel, retroactivity, res judicata, and collateral estoppel -- 14.Primary jurisdiction -- 15.Exhaustion, finality, and ripeness -- VOLUME III: 16. Standing -- 17.Discretion and reviewability -- 18.Remedies -- 19.Tort liability of governments and their employees -- Appendix A: The constitution of the United States -- Appendix B: Administrative Procedure Act -- Appendix C: Federal Advisory Committee Act -- Appendix D: Equal Access to Justice Act -- Appendix E: Federal Tort Claims Act -- Appendix F: National Environmental Policy Act -- Appendix G: Paperwork Reduction Act --Table of cases -- Table of authorities -- Index. | ||
| 525 | _aKept up to date by supplements. | ||
| 650 | 0 |
_aAdministrative law _zUnited States. |
|
| 700 | 1 | _aPierce, Richard J. | |
| 906 |
_a7 _bcbc _cnccpada _du _eopcn _f19 _gy-gencatlg |
||
| 942 |
_2ddc _cBK |
||